NBA Most Points in a Playoff Game Per Team - Statistics

General Stats
  • This quiz has been taken 233 times
    191 since last reset
  • The average score is 19 of 32
Answer Stats
Team Points Player % Correct
Bulls 63 Michael Jordan
99%
Cavaliers 51 LeBron James
95%
Nets 49 Kevin Durant
87%
Bucks 50 G. Antetokounmpo
82%
Warriors 56 Wilt Chamberlain
81%
Mavericks 50 Dirk Nowitzki
80%
Pelicans 47 Anthony Davis
75%
Thunder 51 Russell Westbrook
75%
Trail Blazers 55 Damian Lillard
74%
Nuggets 53 Nikola Jokić
71%
Rockets 49 Hakeem Olajuwon
69%
Grizzlies 47 Ja Morant
69%
Heat 56 Jimmy Butler
68%
Suns 56 Charles Barkley
67%
Jazz 57 Donovan Mitchell
64%
Lakers 61 Elgin Baylor
64%
Raptors 50 Vince Carter
64%
Hawks 50 Dominique Wilkins
63%
Pacers 41 Reggie Miller
63%
76ers 55 Allen Iverson
61%
Magic 46 Dwight Howard
60%
Royals/Kings 43 Oscar Robertson
58%
Braves/Clippers 50 Bob McAdoo
52%
Hawks 50 Bob Pettit
51%
Magic 46 Tracy McGrady
51%
Spurs 46 George Gervin
49%
Celtics 54 John Havlicek
48%
Wizards 46 Elvin Hayes
39%
Knicks 46 Bernard King
26%
Timberwolves 40 Sam Cassell
14%
Pistons 44 Dave Bing
9%
Bobcats/Hornets 43 Stephen Jackson
6%
No matching quizzes found
Score Distribution
Percent of People with Each Score
Percentile by Number Answered
Your Score History
You have not taken this quiz since the last reset